00865naa#a2200169#i#4500001002300000005001700023011001400040100004100054102000700095200023900102210016900341215001000510608004500520675008500565700003000650856001500680RU\INFRA-M\bibl\10120420260603190623.3##a1998-0728##a20250630b2025####ek#y0rusy0150####ca##aRU1#aФормирование словесной творческой деятельности учащихся младших классов в ходе внеурочных занятий (Часть 1)eЖурнальная статья1#aМоскваcОбщество с ограниченной ответственностью «Научно-издательский центр ИНФРА-М»d2025##a4 с.##aЖурнальная статья2local##aОрганизация обучения в начальной школе. 373.31#1aНикитинаgЕ. Е.4#anaukaru.ru